Multiple Choice Food Quiz - Pizza - Statistics

General Stats
  • This quiz has been taken 55 times
  • The average score is 6 of 10
Answer Stats
Question Answer % Correct
From which city does pizza originally come from? Naples
96%
Which of these ingredients is NOT part of the original recipe from the answer of the previous question? Onions
82%
Which of these pictures shows Chicago's deep dish pizza?
76%
What is the name of a type of pizza with only tomato sauce and oregano as toppings? Marinara
76%
Which of these is a similar dish eaten in Alsace and in the western regions of Germany? Flammekueche
65%
Where did the United States' first pizzeria open in 1905? New York City
65%
Which of these Italian politicians made disparaging comments about Finnish cuisine and whose name was later used for a type of pizza? Silvio Berlusconi
65%
Which of these ingredients from the city of Naples is often claimed to make pizza better? Water
33%
How much is the world's pizza market worth (in US$)? More than 100 billion
31%
What does "pepperoni" actually mean in italian? Bell pepper
24%
No matching quizzes found
Score Distribution
Percent of People with Each Score
Percentile by Number Answered
Your Score History
You have not taken this quiz